Every AFL teams most important players - Statistics

General Stats
  • This quiz has been taken 10 times
  • The average score is 16 of 54
Answer Stats
Team Now or Future Answer % Correct
Collingwood Now & Future Nick Daicos
78%
North Melbourne Now & Future Harry Sheezel
67%
Carlton Now & Future Jagga Smith
67%
Carlton Now Patrick Cripps
67%
Geelong Now Patrick Dangerfield
56%
GWS Now Toby Green
56%
Port Adelaide Now & Future Zak Butters
56%
Geelong Now & Future Bailey Smith
44%
Brisbane Now Charlie Cameron
44%
West Coast Future Harley Reid
44%
Adelaide Now & Future Josh Rachele
44%
Western Bulldogs Now Marcus Bontempelli
44%
Melbourne Now Max Gawn
44%
Gold Coast Now & Future Noah Anderson
44%
Collingwood Now Scott Pendlebury
44%
Gold Coast Now Touk Miller
44%
Collingwood Future Angus Anderson
33%
Fremantle Now & Future Caleb Serong
33%
Port Adelaide Now Connor Rozee
33%
Sydney Future Errol Gulden
33%
Sydney Now Isaac Heeney
33%
Melbourne Now Kysiah Pickett
33%
Gold Coast Now & Future Matt Rowell
33%
St Kilda Future Nasiah Wanganeen-Milera
33%
Sydney Now Nick Blakey
33%
Western Bulldogs Future Sam Darcy
33%
Hawthorn Now & Future Will Day
33%
Western Bulldogs Now Ed Richards
22%
GWS Future Finn Callaghan
22%
Carlton Now Harry McKay
22%
Brisbane Now Hugh McCluggage
22%
Hawthorn Now Jack Gunston
22%
GWS Now Jesse Hogan
22%
Brisbane Future Logan Morris
22%
Geelong Now & Future Max Holmes
22%
Port Adelaide Now Mitch Georgiades
22%
Essendon Now Nate Caddy
22%
Adelaide Now Taylor Walker
22%
St Kilda Future Tom De Koning
22%
North Melbourne Now Tristian Xerri
22%
Essendon Now Zach Merrett
22%
St Kilda Now Brad Hill
11%
Adelaide Future Brayden Cook
11%
West Coast Now Elliot Yeo
11%
Hawthorn Future Jack Ginivan
11%
Fremantle Future Jye Amiss
11%
North Melbourne Now & Future Nick Larkey
11%
Richmond Now Tim Taranto
11%
Fremantle Now & Future Alex Pierce
0%
Essendon Now Darcy Parish
0%
Melbourne Future Harvey Langford
0%
West Coast Now Jake Waterman
0%
Richmond Now Nick Vlaustin
0%
Richmond Future Sam Lolar
0%
No matching quizzes found
Score Distribution
Percent of People with Each Score
Percentile by Number Answered
Your Score History
You have not taken this quiz